000 00681cab a2200205 4500
001 WB3421-09
008 090401t1998 xxu||||| |||| 00| 0 eng d
035 _a(Sirsi) u86540
041 _aeng
245 _aStraw houses
260 _c1998
350 _a0
490 _aTimes
_v`Weekend` 30 May 1998, 8(1)
520 _aLooks at the use of straw as a construction material. Straw bale houses can be only half the cost of a brick house. Further information on straw building: Barbara Jones (01706 814696).
650 _aBUILT ENVIRONMENT-BUILDING MATERIALS
650 _aSTRAW HOUSES
690 _aBUILT ENVIRONMENT-BUILDING MATERIALS
942 _n0
948 _c02/06/1998
999 _c54474
_d54474